Top 20 Most Populated Cities of The U.S. - Statistics

General Stats
  • This quiz has been taken 51 times
  • The average score is 15 of 20
Answer Stats
Population Cities % Correct
2.665.040 Chicago
98%
3.822.240 Los Angeles
98%
8.335.900 New York City
98%
1.299.540 Dallas
96%
2.302.880 Houston
96%
1.567.260 Philadelphia
84%
749.260 Seattle
84%
1.381.160 San Diego
82%
1.664.410 Phoenix
80%
1.472.910 San Antonio
80%
808.440 San Francisco
80%
974.450 Austin
78%
713.250 Denver
73%
971.320 Jacksonville
73%
880.620 Indianapolis
64%
971.230 San Jose
64%
897.720 Charlotte
62%
956.710 Fort Worth
51%
694.800 Oklahoma City
40%
907.970 Colombus
13%
No matching quizzes found
Score Distribution
Percent of People with Each Score
Percentile by Number Answered
Your Score History
You have not taken this quiz